|
|
|
|
| LEADER |
00000cam a2200000 7i4500 |
| 001 |
0000019279 |
| 005 |
20090107.0 |
| 022 |
0 |
|
|a 007-3318
|
| 040 |
|
|
|a INS
|
| 090 |
0 |
0 |
|a TH1
|b B85
|
| 245 |
0 |
0 |
|a Building
|
| 260 |
|
|
|a London :
|b The builder groups ,
|c 1994
|
| 300 |
|
|
|a 1v. (Various pagings) :
|b ill .col ;
|c 30 cm.
|
| 650 |
0 |
0 |
|a Building
|v Periodicals
|
| 999 |
|
|
|a SER0000033
|b BOOK
|c Open Shelf
|e Default branch
|
| 999 |
|
|
|a SER0001644
|b BOOK
|c Open Shelf
|e Default branch
|
| 999 |
|
|
|a SER0002911
|b BOOK
|c Open Shelf
|e Default branch
|
| 999 |
|
|
|a SER0002912
|b BOOK
|c Open Shelf
|e Default branch
|
| 999 |
|
|
|a SER0002913
|b BOOK
|c Open Shelf
|e Default branch
|
| 999 |
|
|
|a SER0005816
|b BOOK
|c Open Shelf
|e Default branch
|
| 999 |
|
|
|a SER0005817
|b BOOK
|c Open Shelf
|e Default branch
|
| 999 |
|
|
|a SER0005818
|b BOOK
|c Open Shelf
|e Default branch
|
| 999 |
|
|
|a SER0005819
|b BOOK
|c Open Shelf
|e Default branch
|
| 999 |
|
|
|a SER0005820
|b BOOK
|c Open Shelf
|e Default branch
|
| 999 |
|
|
|a SER0005821
|b BOOK
|c Open Shelf
|e Default branch
|
| 999 |
|
|
|a SER0005822
|b BOOK
|c Open Shelf
|e Default branch
|
| 999 |
|
|
|a SER0005823
|b BOOK
|c Open Shelf
|e Default branch
|
| 999 |
|
|
|a SER0006156
|b BOOK
|c Open Shelf
|e Default branch
|
| 999 |
|
|
|a SER0006157
|b BOOK
|c Open Shelf
|e Default branch
|